[Event "AUTO-OPEN-258"]
[Site "http://www.queenalice.com/game.php?id=65706"]
[Date "2006.4.27"]
[Round "1"]
[White "ekup"]
[Black "Shusen"]
[Result "1-0"]
[WhiteElo "1811"]
[BlackElo "1439"]

1. e4 e6 2. d4 c5 3. c3 a6 4. Nf3 b5 5. Be2 Bb7 6. O-O Bxe4 7. Bf4 Nc6 8. Nbd2
Bd5 9. a3 h6 10. Rc1 Be7 11. Ne5 Nf6 12. c4 Bxg2 13. Kxg2 Nxd4 14. cxb5 Nxe2 15.
Qxe2 d6 16. Nc6 Qb6 17. a4 Nd5 18. Bg3 Bg5 19. Nc4 Qc7 20. Nxd6+ Kf8 21. Rxc5
Qd7 22. Ne5 Qe7 23. Nexf7 Rh7 24. Qc2 Nf6 25. Rc7 Qxc7 26. Qxc7 g6 27. f4 Nd5
28. Qc6 Be7 29. Qxa8+ Kg7 30. f5 Ne3+ 31. Kf2 Nxf1 32. Be5+ Bf6 33. fxg6 Kxg6
34. Bxf6 Nd2 35. Qg8+ Kxf6 36. Qxh7 Ke7 37. bxa6 Nb3 38. Qxh6 Kd7 39. a7 1-0

[Event "AUTO-OPEN-258"]
[Site "http://www.queenalice.com/game.php?id=65709"]
[Date "2006.4.27"]
[Round "1"]
[White "Shusen"]
[Black "octopus"]
[Result "1-0"]
[WhiteElo "1375"]
[BlackElo "1122"]

1. e3 d5 2. c4 e5 3. d4 c5 4. dxc5 Bxc5 5. a3 dxc4 6. Qa4+ Nc6 7. Qxc4 b6 8. g3
Be6 9. Qc2 Qf6 10. Bb5 Bd7 11. Qe4 Nh6 12. Nc3 1-0

[Event "AUTO-OPEN-258"]
[Site "http://www.queenalice.com/game.php?id=65710"]
[Date "2006.4.27"]
[Round "1"]
[White "octopus"]
[Black "Shusen"]
[Result "0-1"]
[WhiteElo "1128"]
[BlackElo "1369"]

1. d4 e6 2. e4 c5 3. e5 Nc6 4. Nf3 a6 5. Nbd2 cxd4 6. Ne4 Qb6 7. Bf4 Bb4+ 8. c3
dxc3 9. bxc3 Ba5 10. Bd3 d5 11. Be3 d4 12. Nxd4 Qc7 0-1

[Event "AUTO-ADV-166"]
[Site "http://www.queenalice.com/game.php?id=65905"]
[Date "2006.4.28"]
[Round "1"]
[White "SirPhillip"]
[Black "Shusen"]
[Result "1-0"]
[WhiteElo "1387"]
[BlackElo "1401"]

1. e4 e6 2. Nc3 Bb4 3. Nf3 Nf6 4. Bc4 Bxc3 5. bxc3 Nxe4 6. O-O O-O 7. Ba3 d6 8.
Ne5 dxe5 9. Bxf8 Qxf8 10. Re1 Nxf2 11. Kxf2 Qc5+ 12. Re3 Nc6 13. Qf3 1-0

[Event "AUTO-ADV-166"]
[Site "http://www.queenalice.com/game.php?id=65906"]
[Date "2006.4.28"]
[Round "1"]
[White "Shusen"]
[Black "SirPhillip"]
[Result "0-1"]
[WhiteElo "1384"]
[BlackElo "1404"]

1. e3 e5 2. c4 Nf6 3. a3 Be7 4. h3 O-O 5. Nf3 Nc6 6. b4 Ne4 7. Bb2 d6 8. Bd3 Bf5
9. b5 Na5 10. Nc3 Nxc3 0-1

[Event "AUTO-ADV-166"]
[Site "http://www.queenalice.com/game.php?id=65921"]
[Date "2006.4.28"]
[Round "1"]
[White "Broa"]
[Black "Shusen"]
[Result "1-0"]
[WhiteElo "1550"]
[BlackElo "1459"]

1. e4 e6 2. Nf3 c5 3. Ne5 Nf6 4. Bb5 Nc6 5. Bxc6 dxc6 6. c4 Nxe4 7. O-O Bd6 8.
Nd3 Bxh2+ 9. Kxh2 Qh4+ 10. Kg1 f5 11. Ne5 O-O 12. Nf3 Qf6 13. d3 Nd6 14. Ng5 f4
15. Nf3 e5 16. Nbd2 Bg4 17. Qe1 Rae8 18. Nh2 Bh5 19. f3 Nf5 20. g4 Qg5 21. Ne4
Ng3 22. Nxg5 Nxf1 23. gxh5 h6 24. Qxf1 hxg5 25. Qg2 Rf5 26. Qh3 Rf6 27. Qd7 Rb8
28. Qe7 a5 29. Qxc5 Rf5 30. Qxa5 g4 31. Kf2 Rxh5 32. Nxg4 b6 33. Qa7 Rd8 34.
Qxb6 Rh1 35. Qxd8+ Kh7 36. Nxe5 c5 37. Qg5 Rh6 38. Bxf4 Rb6 39. Rh1+ Kg8 40.
Qd8# 1-0

[Event "AUTO-ADV-166"]
[Site "http://www.queenalice.com/game.php?id=65922"]
[Date "2006.4.28"]
[Round "1"]
[White "Shusen"]
[Black "Broa"]
[Result "0-1"]
[WhiteElo "1437"]
[BlackElo "1580"]

1. e3 d5 2. c4 c6 3. d4 Nf6 4. h3 Ne4 5. Bd3 Bf5 6. c5 Qa5+ 7. Bd2 Nxd2 8. Qxd2
Qxd2+ 9. Kxd2 Bxd3 10. Kxd3 e6 11. Nf3 f6 12. Nc3 Be7 13. Rhe1 b6 14. Na4 bxc5
15. dxc5 Na6 16. Rac1 Nb4+ 17. Ke2 Nxa2 18. Rcd1 Nb4 19. Nd4 Kd7 20. b3 g6 21.
Kf1 Na6 22. Rb1 Nxc5 23. Nxc5+ Bxc5 24. Nf3 Rab8 25. Rec1 Ba3 26. Rd1 Ke7 27.
Nd4 Kd6 28. e4 Bc5 29. Nf3 Rb4 30. exd5 cxd5 31. Ne1 Rhb8 32. Nc2 Rxb3 33. Rxb3
Rxb3 34. Kg1 Rb2 35. Rd2 Ke7 36. Kf1 Bb4 37. Re2 Bd6 38. Nd4 Rxe2 39. Kxe2 a6
40. f3 e5 41. Nb3 e4 42. fxe4 dxe4 43. g4 h5 44. gxh5 gxh5 45. Ke3 f5 46. Nd4
Bc5 47. h4 Kd6 0-1

[Event "AUTO-ADV-166"]
[Site "http://www.queenalice.com/game.php?id=65931"]
[Date "2006.4.28"]
[Round "1"]
[White "Fabio_Broa"]
[Black "Shusen"]
[Result "1-0"]
[WhiteElo "1675"]
[BlackElo "1452"]

1. e4 e6 2. Nf3 h6 3. d4 c5 4. Bd3 Nc6 5. c3 cxd4 6. cxd4 Bb4+ 7. Nc3 d5 8. O-O
Bxc3 9. bxc3 Nge7 10. exd5 exd5 11. Re1 Bg4 12. Qa4 O-O 13. Bb1 Bxf3 14. gxf3 f5
15. Ba3 f4 16. Bd3 a6 17. Rab1 Kh8 18. c4 Re8 19. cxd5 Nxd5 20. Rxe8+ Qxe8 21.
Rxb7 a5 22. Be4 Qe6 23. Bxd5 Qxd5 24. Qb3 Qxd4 25. Bb2 Qd2 26. Bxg7+ 1-0

[Event "AUTO-ADV-166"]
[Site "http://www.queenalice.com/game.php?id=65932"]
[Date "2006.4.28"]
[Round "1"]
[White "Shusen"]
[Black "Fabio_Broa"]
[Result "0-1"]
[WhiteElo "1445"]
[BlackElo "1653"]

1. e3 d5 2. c4 e6 3. d4 Nf6 4. c5 c6 5. Nc3 Ne4 6. Nxe4 dxe4 7. Ne2 Be7 8. Nf4
O-O 9. Bc4 b5 10. Bb3 a5 11. a4 Ba6 12. O-O Qd7 13. Qg4 e5 14. Qxd7 Nxd7 15. Rd1
exd4 16. exd4 Bg5 17. Ne6 Bxc1 18. Nxf8 Bxb2 19. Rab1 Nxf8 20. Rxb2 Rb8 21. Bc2
Re8 22. Re1 f5 23. f3 bxa4 24. Bxa4 Rc8 25. Bb3+ Kh8 26. fxe4 f4 27. Ba4 Ne6 28.
Rb6 Bb5 29. Bxb5 Nxd4 30. Ba6 Rf8 31. e5 f3 32. Rxc6 f2+ 33. Kf1 fxe1+=Q+ 34.
Kxe1 Nxc6 35. Bb5 Nxe5 36. h3 Rb8 37. Ba4 Re8 38. Bxe8 Nd3+ 39. Ke2 Nxc5 40. Bf7
a4 41. g4 g6 42. Ba2 Nb3 43. Kd1 Nd4 44. Kd2 Kg7 45. Kc3 Ne2+ 46. Kb4 g5 47. Be6
Kf6 48. Bd5 h6 49. Kxa4 Nc3+ 0-1